000 00703nam a2200229 i 4500
001 bgj
245 1 0 _aDramaturgische Schriften des 18. Jahrhunderts /
_chrsg. von Klaus Hammer.
246 _aGeschichte des deutschen Theatres :
260 _aBerlin :
_bHenschelverlag,
_c1968.
300 _a731 s. ;
_c22 cm.
490 1 _aGeschichte des deutschen Theatres :
_pAbteilung B : Dokumente
_vBd. 1
504 _aIndeks.
650 9 _aDramat niemiecki
700 1 _aHAMMER, Klaus.
830 _aGeschichte des deutschen Theatres :
_pAbteilung B : Dokumente
040 _cBPK
041 0 _ager
044 _aDEU
080 _a821.112.2-2
942 _cKS
008 s gw f |000 0 ger
999 _c50392
_d50392
856 _uhttp://koha.tu.koszalin.pl/cgi-bin/koha/opac-detail.pl?biblionumber=50392
_yKatalog online BPK